Statistics for Central Asia Country and Capital

Click here to take the quiz!

General Stats

  • This quiz has been taken 46 times
  • The average score is 15 of 16

Answer Stats

Answer% Correct
Afghanistan
100%
Turkmenistan
98%
Uzbekistan
98%
Kabul
95%
Pakistan
95%
Tajikistan
95%
Kazakhstan
93%
Kyrgyzstan
93%
Nur-sultan
90%
Ashgabat
88%
Bishkek
88%
Islamabad
88%
Tashkent
86%
Dushanbe
83%
Azerbaijan
81%
Baku
79%

Score Distribution

Percentile by Number Answered

Percent of People with Each Score

Your Score History

You have not taken this quiz